Atividade Antinociceptiva e Antimicrobiana da Casca do Caule de Psidium Cattleyanum Sabine. (Registro n. 300257)
[ somente texto ]
| 000 -LÍDER | |
|---|---|
| fixed length control field | 05388nab a2200325 i 4500 |
| 003 - CÓDIGO MARC DA AGÊNCIA CATALOGADORA | |
| Campo de controle | BR-BrBNA |
| 005 - DATA E HORA DA ÚLTIMA ATUALIZAÇÃO | |
| Campo de controle | 20240627095327.0 |
| 008 - CAMPO DE TAMANHO FIXO | |
| fixed length control field | 240627b2015 bl.qr|pooa||| 00| 0 por | |
| 040 ## - FONTE DA CATALOGAÇÃO | |
| Agência catalogadora | BR-BrBNA |
| Idioma da catalogação | por |
| 072 ## - CATEGORIA AGRIS | |
| Código AGRIS | F60 |
| 100 ## - ENTRADA PRINCIPAL - NOME PESSOAL | |
| Nome pessoal | Alvarenda, F.Q. |
| 100 ## - ENTRADA PRINCIPAL - NOME PESSOAL | |
| Nome pessoal | Royo, V.A. |
| 100 ## - ENTRADA PRINCIPAL - NOME PESSOAL | |
| Nome pessoal | Mota, B.F.C. |
| 100 ## - ENTRADA PRINCIPAL - NOME PESSOAL | |
| Nome pessoal | Laurentiz, R.S. |
| 100 ## - ENTRADA PRINCIPAL - NOME PESSOAL | |
| Nome pessoal | Menezes, E.V. |
| 100 ## - ENTRADA PRINCIPAL - NOME PESSOAL | |
| Nome pessoal | Melo Junior, A.F. |
| 100 ## - ENTRADA PRINCIPAL - NOME PESSOAL | |
| Nome pessoal | Oliveira, D.A. |
| 245 ## - TÍTULO PRINCIPAL | |
| Título principal | Atividade Antinociceptiva e Antimicrobiana da Casca do Caule de Psidium Cattleyanum Sabine. |
| 500 ## - NOTA GERAL | |
| Nota geral | Publicação on-line; 44 ref.; 1 table; 5 illus.; Summaries (En, Pt) |
| 942 ## - ADDED ENTRY ELEMENTS (KOHA) | |
| Koha item type | |
| 520 ## - NOTA DE RESUMO | |
| Nota de conteúdo | <br/><br/>RESUMO: <br/><br/>Psidium cattleyanum Sabine, conhecida como “araçá”, é espécie nativa do Bioma<br/>Cerrado brasileiro comumente utilizado, segundo levantamento etnobotânico, como planta<br/>medicinal para tratar várias doenças tais como: patologias hepáticas, gástricas, lesões<br/>teciduais incluindo processos dolorosos. O objetivo deste trabalho foi realizar a triagem<br/>fitoquímica com propósito exploratório, investigar a atividade analgésica e antimicrobiana<br/>do extrato hidroalcoólico da casca do caule de Psidium cattleyanum Sabine (ECPCS) para<br/>apoiar o uso dessa espécie como planta medicinal. Para isso, foram obtidos extratos e frações<br/>com solventes orgânicos de polaridade crescente (hexano, diclorometano, acetato de etila e<br/>isobutanol) avaliando-se o perfil fitoquímico para determinar as principais classes de metabólitos<br/>secundários presentes na espécie. Investigou-se a atividade analgésica pelo teste de contorções<br/>abdominais em camundongos induzidas pelo ácido acético (0,6%). A Concentração Inibitória<br/>Mínina (CIM) e Concentração Bactericida Mínima (CBM) foram avaliadas através da técnica<br/>de microdiluição em caldo contra micro-organismos da microbiota oral. A triagem fitoquímica<br/>identificou a presença de taninos, saponinas, flavonoides e terpenos e/ou esteroides. O ECPCS<br/>exibiu atividade analgésica periférica nas doses de 200 e 400 mg/kg. O EAC (extrato acetato<br/>de casca) o EDC (extrato diclorometânico de casca) desempenharam melhor ação inibitória<br/>sobre o crescimento bacteriano de Estafilococos oralis com CIM 100 e 150 respectivamente.<br/>O ECPCS desempenhou ação inibitória sobre o crescimento bacteriano. Os resultados dos<br/>estudos experimentais comprovaram a presença de compostos secundários tais como, taninos<br/>e flavonoides, o que, provavelmente, pode ser associado à atividade analgésica e ao efeito<br/>inibitório sobre os micro-organismos testados com o ECPCS, o que justifica o uso medicinal<br/>planta.<br/><br/>Palavras Chave: Myrtaceae, araçá, atividade biológica, inibição álgica, atividade antibacteriana.<br/> |
| 520 ## - NOTA DE RESUMO | |
| Nota de conteúdo | <br/><br/>ABSTRACT: <br/><br/>Antiniciceptive and antimicrobial activity of the stem bark of Psidium<br/>cattleyanum Sabine. The Psidium cattleyanum Sabine, known as “araçá”, is a native species<br/>from the Brazilian Cerrado biome, commonly used, according to ethnobotanical surveis, as<br/>a medicinal plant to treat several sicknesses such as liver and , gastric diseases and tissue<br/>lesions with painful treatments. The aim of this study was to perform an exploratory screening,<br/>investigating the analgesic and antimicrobial activity of the hydroalcoholic extract of the Psidium<br/>cattleyanum Sabine (BEPCS) stem bark, in order to support the use of this species as a medicinal<br/>plant. For that, the BEPCS and its parts were obtained from the extraction with organic solvents<br/>of increasing polarity (hexane, dichloromethane, ethyl acetate and isobutanol), evaluating its<br/>phytochemical profile in order to determine the main types of secondary metabolites present<br/>in the species. The analgesic activity, through the twisting test in mice, was investigated and<br/>induced by acetic acid (0.6%). The Minimum Inhibitory Concentration (MIC) and Minimum<br/>Bactericidal Concentration (MBC) were evaluated using the microdilution technique in liquid<br/>against microorganisms of the oral microbiota. The phytochemical screening identified the<br/>presence of tannins, saponins, flavonoids and terpenes and/or steroids. The BEPCS exhibited<br/>peripheral analgesic activity at the doses of 200 and 400 mg / kg. The AEB (acetate extract bark) <br/>and the DEB (dicloromethane extract bark) had better inhibitory effect on bacterial growth<br/>of Staphylococcus oralis with MIC 100 and 150 respectively. The BEPCS demonstrated an<br/>inhibitory effect on bacterial growth. The results of experimental studies have indicated the<br/>presence of secondary compounds as tannins and flavonoids, which probably can be associated<br/>with the analgesic activity and inhibitory effect on the microorganisms tested with BEPCS, fact<br/>that justifies the its application.<br/><br/>Keywords: Myrtaceae, araçá, biological activity, inhibition algic, antibacterial activity. |
| 650 ## - ASSUNTO - THESAGRO | |
| Cabeçalho tópico ou nome geográfico | MYRTACEAE |
| 650 ## - ASSUNTO - THESAGRO | |
| Cabeçalho tópico ou nome geográfico | ARAÇÁ |
| 650 ## - ASSUNTO - THESAGRO | |
| Cabeçalho tópico ou nome geográfico | PLANTA MEDICINAL |
| 650 ## - ASSUNTO - THESAGRO | |
| Cabeçalho tópico ou nome geográfico | ANÁLISE QUÍMICA |
| 773 0# - ENTRADA ANALÍTICA | |
| Host Biblionumber | 3543 |
| Registro do item | 316142 |
| Imprenta | Botucatu-SP Instituto de Biociências - Departamento de Química e Bioquímica 1998 |
| Outro identificador | 2024-2525 |
| Título | Revista Brasileira de Plantas Medicinais (Brazil) |
| ISSN | 1516-0572 |
| Colação | v. 17(4 suppl. 3) p. 1125-1133; (2015) |
| Número de controle de registro | BR2024001448 |
| 856 ## - ACESSO E ENDEREÇO ELETRÔNICO | |
| Identificador uniforme de recurso - URI | https://www.scielo.br/j/rbpm/a/c76RwYLBtMPYMFrtvXhWsLM/?format=pdf&lang=pt |
Nenhum exemplar disponível.

BINAGRI